عرض عادي
عرض مارك
- Astronomy.
مدخل مصطلح موضوعي
001 - رقم الضبط
- حقل الضبط: 56959
003 - معرف رقم الضبط
- حقل الضبط: OSt
005 - تاريخ ووقت أخر عملية
- حقل الضبط: 20161204114816.0
008 - عناصر بيانات ثابتة الطول
- حقل تحكم ثابت الطول: 161204|| aca||aabn | a|a d
040 ## - مصدر الفهرسة
- هيئة الفهرسة الأصلية: OSt
- وكالة الكتابة: OSt
150 ## - مدخل-- مصطلح تاريخي
- عنصر مدخل المصطلح الموضوعي او الاسم الجغرافي: Astronomy.
670 ## - بيانات المصدر موجوده
- الاستشهاد بالمصدر: Work cat.: (OSt)0: Zeilik, Michael. 56958, Introductory astronomy & astrophysics /, c1998.
